Normal view
MARC view
Entry Personal Name
001 - CONTROL NUMBER
- control field: 963
003 - CONTROL NUMBER IDENTIFIER
- control field: BD-DhEWU
005 - DATE AND TIME OF LATEST TRANSACTION
- control field: 20120613123157.0
008 - FIXED-LENGTH DATA ELEMENTS
- fixed length control field: 120613|||a|||||| | ||| d
040 ## - CATALOGING SOURCE
- Original cataloging agency: BD-DhEWU
- Transcribing agency: BD-DhEWU
100 ## - HEADING--PERSONAL NAME
- Personal name: Natsina, Anastasia,
- Dates associated with a name: 1975-
670 ## - SOURCE DATA FOUND
- Source citation: Work cat.: (BD-DhEWU)0: Teaching literature at a distance :, c2010.